| 000 -LEADER | |
|---|---|
| fixed length control field | 00648nam a22002297a 4500 |
| 003 - CONTROL NUMBER IDENTIFIER | |
| control field | OSt |
| 005 - DATE AND TIME OF LATEST TRANSACTION | |
| control field | 20250420134823.0 |
| 008 - FIXED-LENGTH DATA ELEMENTS--GENERAL INFORMATION | |
| fixed length control field | 211115b ||||| |||| 00| 0 eng d |
| 020 ## - INTERNATIONAL STANDARD BOOK NUMBER | |
| International Standard Book Number | 9780205533169 |
| 040 ## - CATALOGING SOURCE | |
| Transcribing agency | KCST |
| 082 ## - DEWEY DECIMAL CLASSIFICATION NUMBER | |
| Classification number | 808.042 |
| Item number | Mo Wr |
| 100 ## - MAIN ENTRY--PERSONAL NAME | |
| Personal name | Morenberg, Max, |
| Dates associated with a name | 1940- |
| 9 (RLIN) | 5543 |
| 245 ## - TITLE STATEMENT | |
| Title | The writer's options : |
| Remainder of title | lessons in style and arrangement / |
| Statement of responsibility, etc. | Max Morenberg; Jeffrey Sommers |
| 250 ## - EDITION STATEMENT | |
| Edition statement | 8 |
| 260 ## - PUBLICATION, DISTRIBUTION, ETC. | |
| Place of publication, distribution, etc. | New York: |
| Name of publisher, distributor, etc. | Longman, Pearson; |
| Date of publication, distribution, etc. | 2008 |
| 300 ## - PHYSICAL DESCRIPTION | |
| Extent | 268 p. |
| 650 ## - SUBJECT ADDED ENTRY--TOPICAL TERM | |
| Topical term or geographic name entry element | English language |
| Form subdivision | English language. |
| 9 (RLIN) | 5544 |
| 650 ## - SUBJECT ADDED ENTRY--TOPICAL TERM | |
| Topical term or geographic name entry element | Report writing. |
| 9 (RLIN) | 166 |
| 700 ## - ADDED ENTRY--PERSONAL NAME | |
| Personal name | Sommers, Jeff |
| 9 (RLIN) | 5545 |
| 942 ## - ADDED ENTRY ELEMENTS (KOHA) | |
| Koha item type | Book |
| 942 ## - ADDED ENTRY ELEMENTS (KOHA) | |
| Source of classification or shelving scheme | Dewey Decimal Classification |
| Withdrawn status | Lost status | Source of classification or shelving scheme | Damaged status | Not for loan | Home library | Current library | Date acquired | Cost, normal purchase price | Total checkouts | Full call number | Barcode | Date last seen | Cost, replacement price | Price effective from | Koha item type |
|---|---|---|---|---|---|---|---|---|---|---|---|---|---|---|---|
| Dewey Decimal Classification | KCST Library | KCST Library | 15/11/2021 | 23.00 | 808.042 Mo Wr | 1000001017 | 15/11/2021 | 23.00 | 15/11/2021 | Book | |||||
| Dewey Decimal Classification | KCST Library | KCST Library | 15/11/2021 | 23.00 | 808.042 Mo Wr | 1000001018 | 15/11/2021 | 23.00 | 15/11/2021 | Book | |||||
| Dewey Decimal Classification | KCST Library | KCST Library | 15/11/2021 | 23.00 | 808.042 Mo Wr | 1000001019 | 15/11/2021 | 23.00 | 15/11/2021 | Book |